Implantoprótesis: guía de prótesis dental sobre implantes (Registro nro. 13734)
[ vista simple ]
| 000 -Cabecera | |
|---|---|
| Campo de control de longitud fija | 00993nam a22003977a 4500 |
| 005 - Fecha y hora de la última transacción | |
| Campo de control | 20250912134935.0 |
| 008 - Elementos de longitud fija--Información general | |
| Campo de control de longitud fija | 250404b2024 |||||||| |||| 00| 0 spa d |
| 020 ## - International Standard Book Number | |
| Número Internacional Estándar del Libro (ISBN) | 9788412733310 |
| 041 ## - Idioma | |
| Código de idioma | Español |
| 082 ## - Clasificación Decimal Dewey | |
| Número de clasificación | 617.693 R585i |
| 245 ## - Título propiamente dicho | |
| Título | Implantoprótesis: guía de prótesis dental sobre implantes |
| 260 ## - Pie de imprenta | |
| Lugar de publicación, distribución, etc. | España |
| 260 ## - Pie de imprenta | |
| Nombre del editor, distribuidor, etc. | Lisermed |
| 260 ## - Pie de imprenta | |
| Fecha de publicación, distribución, etc. | 2024 |
| 300 ## - Descripción física | |
| Extensión | 856 páginas |
| 650 ## - Materia general | |
| Temática (materia general) | IMPLANTOLOGÍA DENTARIA |
| 650 ## - Materia general | |
| Temática (materia general) | MAXILARES |
| 650 ## - Materia general | |
| Temática (materia general) | TEJIDOS PREIMPLANTARIOS |
| 650 ## - Materia general | |
| Temática (materia general) | BIOMATERIALES |
| 650 ## - Materia general | |
| Temática (materia general) | POLÍMEROS |
| 650 ## - Materia general | |
| Temática (materia general) | BIOMECÁNICA |
| 650 ## - Materia general | |
| Temática (materia general) | PILARES DENTALES |
| 650 ## - Materia general | |
| Temática (materia general) | PACIENTE EDÉNTULO |
| 650 ## - Materia general | |
| Temática (materia general) | COLOR DENTAL |
| 650 ## - Materia general | |
| Temática (materia general) | PRÓTESIS PROVISIONAL |
| 650 ## - Materia general | |
| Temática (materia general) | ARTICULADORES |
| 650 ## - Materia general | |
| Temática (materia general) | ÁNGULO DE BENNETT |
| 650 ## - Materia general | |
| Temática (materia general) | CERÁMICAS |
| 650 ## - Materia general | |
| Temática (materia general) | CAD/CAM |
| 650 ## - Materia general | |
| Temática (materia general) | IMPRESORAS 3D |
| 650 ## - Materia general | |
| Temática (materia general) | SISTEMAS RETENTIVOS |
| 650 ## - Materia general | |
| Temática (materia general) | PUENTES |
| 650 ## - Materia general | |
| Temática (materia general) | VACIADO |
| 942 ## - Punto de acceso adicional KOHA | |
| Fuente del sistema de clasificación o colocación | Dewey Decimal Classification |
| Tipo de ítem KOHA | Libro |
| Signatura completa | Código de barras | Programa Académico | Tipo de ítem |
|---|---|---|---|
| 617.693 R585i | 26047 | Mecánica Dental | Libro |